000 01974nam0a2200373 4500
001 RU\NLR\BIBL_A\012343279
005 20260408213303.0
035 _a(NLR Aleph) 012343279
090 _a11526779
_c11526779
100 _a20200923d1903 |||y0rusy50 ca
101 0 _arus
102 _aRU
105 _ay z 000zy
181 0 _ai
_baxxe
182 0 _an
200 1 _aОб установлении в пользу доходов г. Бахмута сбора с товаров
_eв Государственный Совет
_fМинистерство Внутренних Дел. Департамент Хозяйственный. Отделение V. Стол 2. 26 февраля 1903 г. № 37
203 _aТекст
_bвизуальный
_cнепосредственный
210 _a[С.-Петербург
_cб. и.]
_d1903
215 _a8 с.
_d34
300 _aВ конце текста: Министр Внутренних Дел, Статс-Секретарь (подписал) Плеве; И. об. Директора (скрепил) Крыжановский
309 _aБез тит. л. и обл.
601 0 1 _aРоссия
_bСоединенные Департаменты государственной экономии и законов
_jДокументы и материалы
_92414113
_3RU\NLR\AUTH\6601657156
606 _aДенежные сборы
_yБахмут, город
_z19 - нач. 20 вв.
_jДокументы и материалы
_3RU\NLR\AUTH\6601701634
_92506902
686 3 _aХ2(2)5-523,011
686 3 _aУ03(2)53-212.11,011
686 3 _aУ26(28)189.4,011
686 3 _aУ26(2Ук)189.4,011
702 1 _4720
_8rus
_7ca
_aПлеве
_bВ.К.
_f1846-1904
_gВячеслав Константинович
_3RU\NLR\AUTH\77525
_9110574
702 1 _aКрыжановский
_4720
852 _aNLR
_j135/294-361 (27)
942 _cBOOK
980 _aNB